Quién es quien en la mitología

Furkejuvvon:
Bibliográfalaš dieđut
Váldodahkki: Murray, Alexander S.
Materiálatiipa: Girji
Giella:Undetermined
Almmustuhtton: Madrid, España M. E. Editores 1997
Fáttát:
Fáddágilkorat: Lasit fáddágilkoriid
Eai fáddágilkorat, Lasit vuosttaš fáddágilkora!

MARC

LEADER 00000nam a2200000Ia 4500
008 170316s9999 xx 000 0 und d
090 |a 291 M-4q 
100 |a Murray, Alexander S. 
245 |a Quién es quien en la mitología 
260 |a Madrid, España 
260 |b M. E. Editores 
260 |c 1997 
300 |a 365 páginas 
650 |a MITOLOGÍA 
650 |a LA CREACIÓN DEL MUNDO 
650 |a LA CREACIÓN DEL HOMBRE 
650 |a LA MITOLOGÍA ESCANDINAVA 
650 |a MITOLOGÍA ALEMANA 
650 |a LA MITOLOGÍA 
650 |a LA RELIGIÓN DE LOS HINDÚES 
650 |a LA RELIGIÓN EN EGIPTO 
999 |c 18149  |d 18149 
040 |a cru BVZT 
942 |c 15 D  |h 291 M-4q  |2 z